Móricz Zsigmond novellás könyve
Elmentve itt :
| Szerző: | |
|---|---|
| Adatforrás: | Philobibl |
| Forrásdokumentuma: | Huszadik Század 10.1909:2. (dec.) p. 524-526. |
| Dokumentumtípus: | Cikk |
| Nyelv: | magyar |
| Kulcsszavak: | Móricz Zsigmond irodalomkritika |
| Online elérés: | előfizetéssel hozzáférhető |
| LEADER | 00583nab a2200145 c 4500 | ||
|---|---|---|---|
| 001 | bibPHI0038137 | ||
| 005 | 20231003122731.2 | ||
| 008 | 100603s1909 hu hun | ||
| 100 | 1 | |a Lukács György | |
| 245 | 1 | 0 | |a Móricz Zsigmond novellás könyve |c Lukács György |
| 580 | |a Móricz Zsigmond: Hét krajcár. Elbeszélések. A Nyugat kiadása, 1909. | ||
| 695 | |a Móricz Zsigmond | ||
| 695 | |a irodalomkritika | ||
| 773 | 0 | |t Huszadik Század |g 10.1909:2. (dec.) p. 524-526. | |
| 856 | 4 | 1 | |3 Full text |u https://adt.arcanum.com/hu/view/HuszadikSzazad_1909/?pg=1117&layout=s |z előfizetéssel hozzáférhető |